00651nam a2200229 a 4500001001300000003000900013005001700022008004100039020002300080082001900103100001100122245001000133260005300143300001000196500003500206650001700241700001100258902000800269942000700277952012000284999001700404nice12345678IN_TiNIC20260116014412.0140930s2013 bana grp 000 0 eng  a9788192040110c50000a291.4bOSH2019 aOsho,  aMoney aBangalore bOsho Celebration Centre Trust c2013 a700p  aincludes index and biblioraphy aSpirituality1 aOsho,  bSRS cBK 001040708StackRoom-aHMIbHMId2005-01-01g500.00l0o291.4 OSH2019p024501r2005-01-01v500.00w2014-09-30yBK c15134d15134